| 000 | 00606 a2200193 4500 | ||
|---|---|---|---|
| 001 | 136617 | ||
| 020 | _a9788522414000 | ||
| 040 | _cLeonardo Da Vinci | ||
| 041 | _aPortuguês | ||
| 082 |
_a302.35 F635c _bF635c |
||
| 100 |
_aFLEURY, Maria Tereza Leme _aFISCHER, Rosa Maria |
||
| 245 | _aCultura e poder nas organizações | ||
| 250 | _a2.ed | ||
| 260 |
_bAtlas _c2010 _aSão Paulo |
||
| 300 | _a170 | ||
| 362 | _a20100000 | ||
| 697 |
_aCiências sociais _aSociologia _aAdministração _aCultura organizacional _aComportamento organizacional _aPoder _aEmpresa _aRelações de trabalho _aFIPEN |
||
| 942 | _cBK | ||
| 999 |
_c136617 _d136617 |
||